[Event "IRI-ch Online"]
[Site "Chess.com INT"]
[Date "2021.03.17"]
[Round "7"]
[White "Chavari, Mohammad Mahdi"]
[Black "Poormosavi, Seyed Kian"]
[Result "1-0"]
[WhiteElo "2060"]
[BlackElo "2255"]
[PlyCount "67"]
[EventDate "2021.03.15"]
[EventType "swiss (rapid)"]
[EventRounds "11"]
[EventCountry "IRI"]
[SourceTitle "CBM 201 Extra"]
[Source "ChessBase"]
[SourceDate "2021.05.31"]
[SourceVersion "1"]
[SourceVersionDate "2021.05.31"]
[SourceQuality "1"]

1. Nf3 Nf6 2. g3 b5 3. Bg2 Bb7 4. 0-0 e6 5. b3 Be7 6. Bb2 0-0 7. c4 a6 8. d3 d6 9. Qc2 c5 10. e4 Nbd7 11. Nc3 Qb6 12. Rad1 Rac8 13. Rfe1 Rfd8 14. Qb1 Nf8 15. h3 Ng6 16. Ba1 Nd7 17. a4 bxc4 18. bxc4 Bc6 19. Qc2 Bf6 20. Nd2 h5 21. Rb1 Qc7 22. h4 Nge5 23. Ne2 Qa5 24. Nb3 Qxa4 25. Nc3 Qa3 26. Bb2 Qb4 27. Na2 Qb6 28. f4 Ba4 29. fxe5 Bxb3 30. Qd2 Nxe5 31. Nc1 Nxc4 32. dxc4 Bxc4 33. Bxf6 Qxb1 34. Qg5 1-0